| 000 | 00772nam0a22002531 4500 | ||
|---|---|---|---|
| 001 | rc\2201697 | ||
| 005 | 20110829165142.4 | ||
| 035 | _a(NLR Aleph) 006486427 | ||
| 090 |
_a6087088 _c6087088 |
||
| 100 | _a20110829d1978 |||y0rusy50 ca | ||
| 101 | 0 | _arus | |
| 102 | _aRU | ||
| 105 | _ay z ||||| | ||
| 200 | 1 | _aПодсистема дистанционной пакетной обработки JOB BUILDER | |
| 210 |
_aМосква _cИКИ _d1978 |
||
| 215 |
_a15 с. _d21 |
||
| 225 | 1 |
_aАН СССР, Институт космических исследований _vПр-438 |
|
| 700 | 1 |
_aОрлов _bИ. Г. |
|
| 701 | 1 |
_aОрлова _bТ. Л. |
|
| 801 | 0 |
_aRU _bNLR _gpsbo |
|
| 801 | 1 |
_aRU _bELAR _2rusmarc |
|
| 852 |
_aNLR _j79-4/19928 |
||
| 942 | _cBOOK | ||
| 980 | _aNB | ||